Państwa "rządzone" przez Karola III - Statystyki

Ogólne statystyki
  • Ten quiz został rozwiązany 2 693 razy
    2 481 od ostatniego zresetowania
  • Średni wynik to 7 z 15
Statystyki odpowiedzi
Państwo % Poprawnych
Wielka Brytania
98%
Australia
86%
Nowa Zelandia
80%
Kanada
77%
Antigua i Barbuda
43%
Bahamy
40%
Saint Kitts i Nevis
39%
Tuvalu
39%
Jamajka
38%
Saint Lucia
38%
Saint Vincent i Grenadyny
38%
Wyspy Salomona
36%
Grenada
35%
Belize
28%
Papua-Nowa Gwinea
24%
Nie znaleziono quizów pasujących do podanych kryteriów
Rozkład punktacji
Procent ludzi z każdym wynikiem
Percentyl według liczby udzielonych odpowiedzi
Twoja historia wyników
Nie rozwiązałeś tego quizu od ostatniego zresetowania